| 000 | 00510nam a2200205Ia 4500 | ||
|---|---|---|---|
| 003 | OSt | ||
| 005 | 20230331101137.0 | ||
| 008 | 210423s2009 xx 000 0 und d | ||
| 020 | _a- | ||
| 040 | _cAL | ||
| 041 | _aeng | ||
| 082 | _a658.1511 CHAA | ||
| 100 |
_aCHAKRABARTI (A K). _980617 |
||
| 245 | _aCost and management accountancy. | ||
| 260 |
_aDelhi _bNew American Library _c2009 |
||
| 300 |
_axix,1082 _bPB |
||
| 365 |
_b295 _cINR |
||
| 906 | _aaccountancy. ; Cost ; management | ||
| 942 |
_2ddc _cBK |
||
| 999 |
_c157685 _d157685 |
||